00388 2200157 4500001002100000005001500021008004100036035001900077041000700096082001000103090001600113245002300129260003500152300001900187650002400206INLIS00000000001458020241224114755241224||||||||| | ||| |||| || |  0010-1224014580 aid0 a400.2 a400.2 TIM f00aTHE SUPER FAST WAY aJakartabkompas Gramediac2009 a111hlm;15X23cm 0aBahasa & Linguistik